Pierre, Loulou et Minette en vacances un livre en images pour les enfants qui apprennent le francais

Bibliographic Details
Main Authors: Spálený, Eugen, 1918- (Author), Calle, Mireille (Author)
Other Authors: Dicová-Ondrejková, Jarmila, 1940- (Illustrator)
Format: Book
Language:French
Slovak
PhysicalDescription:144 s. ilustr., noty 27 cm 1 gramofónová platňa
Published: Bratislava Mladé letá 1982
Edition:2. vyd.
Subjects:

MARC

LEADER 00000cam a2200000 a 4500
001 vtls001098640
003 SK-MaSNL
005 20260301062455.0
008 240318s1982 xo a c 00000 fre
015 |a SNBA1982/07 
035 |a SNK000041482 
040 |a SNK  |b slo  |c SNK  |e AACR2 
041 1 |a fre  |h slo 
044 |a xo  |c SK 
080 |a 804.0(087.5)=40  |2 1981 
100 1 |a Spálený, Eugen,  |d 1918-  |4 aut  |9 319935 
245 1 0 |a Pierre, Loulou et Minette en vacances  |b un livre en images pour les enfants qui apprennent le francais  |c Eugen Spálený, Mireille Calle ; [ilustrácie Jarmila Dicová-Ondrejková] 
250 |a 2. vyd. 
260 |a Bratislava  |b Mladé letá  |c 1982 
300 |a 144 s.  |b ilustr., noty  |c 27 cm  |e 1 gramofónová platňa 
366 |e 3500 výt. 
500 |a Rozlož. ilustr. tit. strana. Slovník. Kľúč k pesničkám a básničkám 
521 1 |a Pre čitateľov od 7 rokov 
650 0 7 |a francúzština  |2 SNKPH  |9 1355 
655 7 |a publikácie pre deti  |2 SNKPH  |9 70148 
655 7 |a obrazové publikácie  |2 SNKPH  |9 70343 
655 7 |a učebnice  |2 SNKPH  |9 22521 
700 1 |a Calle, Mireille  |4 aut  |9 333941 
700 1 |a Dicová-Ondrejková, Jarmila,  |d 1940-  |4 ill  |9 98160 
958 |a OND 
958 |a DB 
958 |a TL 
999 |c 620784  |d 622714 
952 |a SNK  |b SNK  |y PREZ  |7 0  |p 17A0983440  |o snkSB 33922  |i snkKSP 5426/82  |0 0  |1 0  |4 0  |d 2014-01-30  |f 1  |l 0  |r 2025-04-09 00:00:00  |w 2026-02-23 
952 |a SNK  |b SNK  |y VYP  |7 0  |o snkSB 33922 D1  |i snkKSP 5427/82  |0 0  |1 0  |4 0  |d 2014-01-30  |l 0  |r 2026-02-23 16:54:31  |w 2026-02-23 
952 |a SNK  |b SNK  |y PREZ  |7 0  |p 17A0983441  |o snkSB 33922/príl.  |0 0  |1 0  |4 0  |d 2014-05-06  |l 0  |r 2025-04-09 00:00:00  |w 2026-02-23